Youth ministry: (Record no. 12472)

000 -LEADER
fixed length control field 00609nam a2200193 a 4500
001 - CONTROL NUMBER
control field :::00010274$&:&@@
003 - CONTROL NUMBER IDENTIFIER
control field OkBaRHE
005 - DATE AND TIME OF LATEST TRANSACTION
control field 20100401165042.0
008 - FIXED-LENGTH DATA ELEMENTS--GENERAL INFORMATION
fixed length control field s1986 j 000 0 eng u
020 ## - INTERNATIONAL STANDARD BOOK NUMBER
International Standard Book Number 0817010912
040 ## - CATALOGING SOURCE
Transcribing agency
100 1# - MAIN ENTRY--PERSONAL NAME
Personal name Jones, Jeffrey D.
245 10 - TITLE STATEMENT
Title Youth ministry:
Remainder of title making and shaping disciples.
260 ## - PUBLICATION, DISTRIBUTION, ETC. (IMPRINT)
Place of publication, distribution, etc Valley Forge, PA., :
Name of publisher, distributor, etc Judson Press
Date of publication, distribution, etc 1986
300 ## - PHYSICAL DESCRIPTION
Extent 94 p. : illus. ;
Dimensions 22 cm.
650 ## - SUBJECT ADDED ENTRY--TOPICAL TERM
Topical term or geographic name as entry element Church work with youth
942 ## - ADDED ENTRY ELEMENTS (KOHA)
Source of classification or shelving scheme
Koha item type Books
Copies
Source of classification or shelving scheme Not for loan Shelving location Date checked out Copy number Damaged status Lost status Current Location Date last seen Barcode Permanent Location Total Renewals Date acquired Total Checkouts Price effective from Koha item type Full call number Withdrawn status
  General Stacks2018-02-161  RHEMA Bible Training College2018-03-0910274RHEMA Bible Training College12010-04-1412010-04-14BooksBV 4447 .J663 1986